| 000 | 00625nmm a2200241 a 4500 | ||
|---|---|---|---|
| 003 | AR-BaBNM | ||
| 005 | 20251128211510.0 | ||
| 008 | 084120s2004 ||||||||||||||000 | spa|| | ||
| 020 | _a950-16-3106-0 | ||
| 040 | _cAR-BaBNM | ||
| 100 | 1 | _aCratty, Bryant J. | |
| 245 | 1 | 0 | _aJuegos para el desarrollo del aprendizaje |
| 250 | _a1ª ed. | ||
| 260 |
_aBuenos Aires _bTroquel _c2004 _bPax-México |
||
| 300 | 0 |
_a108 p. _bil., diagr. |
|
| 650 | 4 | _aAPRENDIZAJE | |
| 650 | 4 | _aTECNICAS DIDACTICAS | |
| 650 | 4 | _aJUEGOS EDUCATIVOS | |
| 650 | 4 | _aACTIVIDADES | |
| 650 | 4 | _aEDUCACION DEL NINO | |
| 942 | _cBK | ||
| 998 | _craquel | ||
| 999 |
_c19917 _d19917 |
||